| 000 | 00417nam a22001577a 4500 | ||
|---|---|---|---|
| 020 | _a9789332518469 | ||
| 040 | _cNUST | ||
| 082 | _a621.367 GON | ||
| 100 |
_aWoods, Richard E _955947 |
||
| 110 |
_aGonzalez, Rafael C. _9111654 |
||
| 245 | _aDigital Image Processing | ||
| 250 | _a3rd Edition | ||
| 260 |
_aIndia: _bPearson, _c2014. |
||
| 650 |
_aDCE TEXTBOOK DIGITAL IMAGE PROCESSING _9111655 |
||
| 942 |
_2ddc _cTEXT |
||
| 999 |
_c594412 _d594412 |
||